Funding boost for Scottish farmers (Record no. 71861)

MARC details
000 -LEADER
fixed length control field 00887cam a2200205 4500
001 - CONTROL NUMBER
control field WB3901-35
008 - FIXED-LENGTH DATA ELEMENTS--GENERAL INFORMATION
fixed length control field 030103n2002 000 0 eng u
035 ## - SYSTEM CONTROL NUMBER
System control number (Sirsi) u120894
245 ## - TITLE STATEMENT
Title Funding boost for Scottish farmers
260 ## - PUBLICATION, DISTRIBUTION, ETC.
Date of publication, distribution, etc. 2002
490 ## - SERIES STATEMENT
Series statement Scottish Executive Press Release
Volume/sequential designation 27 December 2002, (5)
520 ## - SUMMARY, ETC.
Summary, etc. Funding worth £884 000 will be made available under the Agricultural and Farm Business Development Schemes to help farming families across Scotland. The funding will support 40 diversification projects and 21 investment in holdings projects, allowing farming families to remain within the agricultural sector. www.scotland.gov.uk/pages/news/2002/12/SEen282.aspx
590 ## - LOCAL NOTE (RLIN)
Local note WB
650 ## - SUBJECT ADDED ENTRY--TOPICAL TERM
Topical term or geographic name entry element FARM BUSINESS DEVELOPMENT SCHEME
650 ## - SUBJECT ADDED ENTRY--TOPICAL TERM
Topical term or geographic name entry element SCOTLAND
650 ## - SUBJECT ADDED ENTRY--TOPICAL TERM
Topical term or geographic name entry element FARMERS
650 ## - SUBJECT ADDED ENTRY--TOPICAL TERM
Topical term or geographic name entry element FARM DIVERSIFICATION
690 ## - LOCAL SUBJECT ADDED ENTRY--TOPICAL TERM (OCLC, RLIN)
Topical term or geographic name as entry element Rural
9 (RLIN) 6268
942 ## - ADDED ENTRY ELEMENTS (KOHA)
Suppress in OPAC 0
Holdings
Withdrawn status Lost status Source of classification or shelving scheme Damaged status Not for loan Home library Current library Shelving location Date acquired Total Checkouts Full call number Barcode Date last seen Copy number Price effective from Koha item type
    Dewey Decimal Classification     London London News article 03/01/2003   WB3901-35 120894-1001 06/08/2019 1 06/08/2019 News article